High-speed observer : automated streak detection in SSME plumes /

Bibliographic Details
Main Authors: Rieckhoff, T. J. (Author), Covan, M. A. (Author), O'Farrell, J. M. (Author)
Format: Government Document eBook
Language:English
Published: MSFC, Alabama : National Aeronautics and Space Administration, Marshall Space Flight Center, February 2001.
Series:NASA technical memorandum ; 2001-210798.
Subjects:
Online Access:https://purl.fdlp.gov/GPO/LPS23034

MARC

Tag First Indicator Second Indicator Subfields
LEADER 00000cam a2200000 i 4500
001 in00003975813
005 20211202194854.0
006 m o d f
007 cr bn||||a|a||
008 131110e200102 alua obt f000 0 eng c
035 |a (OCoLC)ocn862949624 
042 |a pcc 
040 |a OCLCE  |b eng  |e rda  |e pn  |c OCLCE  |d OCLCO  |d OCLCQ  |d GPO  |d MvI 
049 |a WWW 
074 |a 0830-D (online) 
086 0 |a NAS 1.15:210798 
100 1 |a Rieckhoff, T. J.,  |e author. 
245 1 0 |a High-speed observer :  |b automated streak detection in SSME plumes /  |c T.J. Rieckhoff, M. Covan and J.M. O'Farrell. 
246 3 0 |a Automated streak detection in Space Shuttle main engine plumes 
264 1 |a MSFC, Alabama :  |b National Aeronautics and Space Administration, Marshall Space Flight Center,  |c February 2001. 
300 |a 1 online resource (vi, 17 pages) :  |b illustrations. 
336 |a text  |b txt  |2 rdacontent 
337 |a computer  |b c  |2 rdamedia 
338 |a online resource  |b cr  |2 rdacarrier 
490 1 |a NASA/TM ;  |v 2001-210798 
500 |a "February 2001." 
500 |a "Performing organization: George C. Marshall Space Flight Center"--Report documentation page. 
504 |a Includes bibliographical reference (page 17). 
513 |a Technical memorandum. 
536 |a Sponsored by the National Aeronautics and Space Administration  |d M-1000 
588 |a Description based on online resource; title from PDF title page (NASA, viewed Nov. 29, 2017). 
650 7 |a Plumes.  |2 nasat 
650 7 |a High speed photography.  |2 nasat 
650 7 |a Engine monitoring instruments.  |2 nasat 
650 7 |a Digital cameras.  |2 nasat 
700 1 |a Covan, M. A.,  |e author. 
700 1 |a O'Farrell, J. M.,  |e author. 
710 2 |a George C. Marshall Space Flight Center,  |e issuing body. 
776 0 8 |i Print version:  |a Rieckhoff, T.J.  |t High-speed observer  |w (OCoLC)48567790 
776 0 8 |i Microfiche version:  |a Rieckhoff, T. J.  |t High-speed observer  |w (OCoLC)50752712 
830 0 |a NASA technical memorandum ;  |v 2001-210798. 
856 4 0 |u https://purl.fdlp.gov/GPO/LPS23034  |t 0 
999 f f |s 17d2b514-a03c-30bb-827f-c32fd6e0da65  |i 3a0e8716-0d82-337c-8758-3987b28f3a3e  |t 0 
952 f f |a Texas A&M University  |b College Station  |c Electronic Resources  |d Available Online  |t 0  |e NAS 1.15:210798  |h Superintendent of Documents classification 
998 f f |a NAS 1.15:210798  |t 0  |l Available Online